000 00525 a2200205 4500
001 134728
020 _a85-08-01659-X
040 _cLeonardo Da Vinci
041 _aPortuguês
082 _a808.8 P952cd
_bP952cd
100 _aLAGE, Nilson
245 _aLinguagem jornalística
250 _a7.ed
260 _bÁtica
_c2002
_aSão Paulo
300 _a78
362 _a20020000
490 _aPrincípios
697 _aLiteratura
_aLinguagem
_aJornalismo
_aTelejornalismo
_aRetórica
_aRedação
_aAntítese
942 _cBK
999 _c134728
_d134728